000 00608nam a2200193Ia 4500
005 20250508165919.0
008 008 250505s9999 xx 000 0 eng d
037 _aTextual
040 _aFEDL
_beng
_cFEDL
041 _aeng
_2eng
084 _a305.23, STE
_qFEDL
100 _aStephens Sharon Ed.
_9782395
245 0 _aChildren and the politics of culture
260 _aNew Jeresy, USA
_bPrinceton University Press
_c1995
300 _a342p.
546 _aGifted by H.O.D. Namita Ranganathan in memory of Prof. Arvind Gaysu
942 _cTEXL
_h305.23, STE
999 _c1398157
_d1398157